| 000 | 00462cam a2200193ua 4500 | ||
|---|---|---|---|
| 020 | _c10.60 | ||
| 041 |
_aeng _h |
||
| 082 |
_a823.303 _bTWA/AD |
||
| 100 | _aTwain, Mark . | ||
| 245 |
_aAdventures of Tom Sawyer / _cMark Twain. _hTextual Documents |
||
| 250 |
_a1 / _b. |
||
| 260 |
_aLondon : _bJ M Dent and Sons Ltd , _c1962. |
||
| 300 | _a243 ; . | ||
| 365 | _a10.60 | ||
| 504 | _a | ||
| 942 | _cBK | ||
| 999 |
_c5712 _d5712 |
||